The enduring effects of prenatal alcohol exposure on child development : (Record no. 94433)

MARC details
000 -CABECERA
campo de control de longitud fija 00900nam a2200217 a 4500
005 - FECHA Y HORA DE LA ÚLTIMA TRANSACCIÓN
campo de control 20210223124837.0
008 - ELEMENTOS DE LONGITUD FIJA--INFORMACIÓN GENERAL
campo de control de longitud fija 030227s1993 ea r 000 0 eng d
020 ## - NÚMERO INTERNACIONAL NORMALIZADO PARA LIBROS
Número Internacional Estándar del Libro 0472104551
035 ## - NÚMERO DE CONTROL DEL SISTEMA
Número de control de sistema UPN01000122236
049 ## - COLECCIÓN
Colección CG
050 #4 - SIGNATURA TOPOGRÁFICA DE LA BIBLIOTECA DEL CONGRESO
Número de clasificación RJ496 L4
Número de documento/Ítem E5.4
245 04 - MENCIÓN DE TÍTULO
Título The enduring effects of prenatal alcohol exposure on child development :
Resto del título birth through seven years, a partial least squares solution /
Mención de responsabilidad, etc. Ann P. Streissguth ... [et al.].
260 ## - PUBLICACIÓN, DISTRIBUCIÓN, ETC.
Lugar de publicación, distribución, etc. Michigan, E.U.A. :
Nombre del editor, distribuidor, etc. The University of Michigan Press,
Fecha de publicación, distribución, etc. 1993.
300 ## - DESCRIPCIÓN FÍSICA
Extensión 301 p.
440 #0 - MENCIÓN DE SERIE/ASIENTO SECUNDARIO--TÍTULO
Título International Academy for research in learning disabilities monograph series ;
Designación de volumen o secuencia 10
650 #4 - ASIENTO SECUNDARIO DE MATERIA - TERMINO TEMATICO
Término de materia o nombre geográfico como elemento de entrada TRASTORNOS DEL APRENDIZAJE -
Subdivisión general ETIOLOGIA -
-- ESTUDIOS LONGITUDINALES
9 (RLIN) 10372
650 #4 - ASIENTO SECUNDARIO DE MATERIA - TERMINO TEMATICO
Término de materia o nombre geográfico como elemento de entrada ALCOHOL Y MUJERES
9 (RLIN) 2115
650 #4 - ASIENTO SECUNDARIO DE MATERIA - TERMINO TEMATICO
Término de materia o nombre geográfico como elemento de entrada EMBARAZO -
Subdivisión general CASOS, INFORMES CLINICOS, ESTADISTICA
9 (RLIN) 10373
700 1# - ASIENTO SECUNDARIO--NOMBRE DE PERSONAL
Nombre de persona Streissguth, Ann P.,
Término indicativo de función/relación coaut.
905 ## - TIPO DE MATERIAL
Tipo de material Libro
Holdings
Estado de retiro Estado de pérdida Fuente del sistema de clasificación o colocación Estado dañado No para préstamo Código de colección Localización permanente Ubicación/localización actual Ubicación en estantería Total de préstamos Clasificación Código de barras Fecha visto por última vez Número de copia Tipo de ítem Koha
    Library of Congress Classification     Colección General Bib. Gregorio Torres Quintero Bib. Gregorio Torres Quintero Planta baja   RJ496 L4 E5.4 199506 31/12/2020 1 Libro